Crayola Crayon Colors 32 Box - Statistics

General Stats
  • This quiz has been taken 58 times
  • The average score is 21 of 32
Answer Stats
Hint Answer % Correct
. Black
100%
. Blue
100%
. Orange
93%
. Violet
93%
. Gray
91%
. Red
91%
. White
91%
. Yellow
91%
. Brown
88%
. Carnation Pink
88%
. Green
88%
. Peach
77%
. Blue-Green
70%
. Red-Orange
70%
. Apricot
67%
. Blue-Violet
63%
. Yellow-Green
63%
. Yellow-Orange
63%
. Sky Blue
60%
. Indigo
58%
. Red-Violet
56%
. Tan
56%
. Scarlet
53%
. Green-Yellow
51%
. Cerulean
49%
. Violet-Red
49%
. Bluetiful
40%
. Wisteria
33%
. Melon
30%
. Cadet Blue
21%
. Timberwolf
19%
. Chestnut
16%
No matching quizzes found
Score Distribution
Percent of People with Each Score
Percentile by Number Answered
Your Score History
You have not taken this quiz